01187 2200337 4500001002100000005001500021035002000036007000300056008004100059336002100100337002300121338003800144100003700182245009800219300003200317082001400349084001600363264004500379500006900424538007600493650002200569850001200591852002000603856007600623040002200699020002200721700003400743710002800777990002200805990002200827INLIS00000000086296420210727110605 a0010-0721001199ta210712t2014 jkia as| 1 ind d 2rdacontentateks 2rdamediaakomputer 2rdacarrierasumber sambung jaring1 aAnisa Widiyarti,d1985-epenulis10aKisah liburan seru /cAnisa Widiyarti; ilustrator, Inner Child; penyunting, Primadonna Angela a1 berkas komputer (17,2 MB)04223a028.5 a028.5 ANI k31aJakarta :bGramedia Pustaka Utama,c2014 aUntuk mengakses buku ini silakan unduh aplikasi http://ijogja.id aAndroid : versi 4.0 atau di atasnya, memori 1 GB, layar tampilan 4-inch 4aBacaan Kanak-anak aYOPDYOG8 aaplikasi iJogja40nPerpustakaan Digital iJogjauhttp://ijogja.id /publications/books/14317 aYOPDYOGbinderda a978-602-03-0703-90 aPrimadonna Angelaepenyunting2 aInner Childeilustrator a002611-EPD/B.2016 a002612-EPD/B.2016